| 000 | 00747nam a22002057a 4500 | ||
|---|---|---|---|
| 999 |
_c18150 _d18150 |
||
| 003 | AR-CdUCM | ||
| 008 | 190513b ||||| |||| 00| 0 spa d | ||
| 040 |
_aMUNICIPALIDAD PROVINCIAL DEL CUSCO _cBIBLIOTECA MUNICIPAL DEL CUSCO |
||
| 082 |
_a335.6 / _bAR78 |
||
| 100 |
_aArzumanian, A. _938567 |
||
| 245 | _aEl imperialismo / | ||
| 260 |
_aBuenos Aires : _bCartago, _c1965. |
||
| 300 |
_a155 páginas ; _c21 cm. |
||
| 505 | _aContenido: Que es el imperialismo -- Rasgos económicos fundamentales del imperialismo -- La ubicación histórica del imperialismo -- La crisis general del capitalismo. | ||
| 650 |
_aImperialismo _93454 |
||
| 650 |
_aEconomía _9382 |
||
| 650 |
_aCapitalismo _93221 |
||
| 942 |
_2ddc _cLIBROS |
||
| 945 |
_aacv _d2019-05-13 |
||